Estatísticas para Marcas que começam com E

Clique aqui para jogar o quiz

Estatísticas Gerais

  • Esse quiz foi jogado 9 vezes
  • A pontuação média é 2 de 21

Estatísticas das Respostas

HintResposta% Correto
12.Elle
71%
9.Eletronic Arts
43%
5.Ebay
29%
15.Emirates
29%
19.ESPN
29%
18.Ericsson
14%
1.Eastpak
0%
4.EasyJet
0%
8.Eataly
0%
10.eHarmony
0%
2.El corte inglês
0%
11.Elizabeth Arden
0%
13.Ellesseel
0%
16.Emilio Pucci
0%
14.Energizer
0%
17.Erdinger
0%
6.Escada
0%
7.Essie
0%
3.Evax
0%
20.Everlast
0%
21.Evernote
0%

Distribuição das Pontuações

Percentil de Números Respondidos

Porcentagem de Pessoas com Cada Pontuação

Sua Pontuação Histórica

Você não jogou esse quiz